The Virginians / (Record no. 20623)
[ view plain ]
| 000 -LEADER | |
|---|---|
| fixed length control field | 01186nam a2200325 4500 |
| 001 - CONTROL NUMBER | |
| control field | 20623 |
| 003 - CONTROL NUMBER IDENTIFIER | |
| rucl marc code | UkOxU |
| 005 - DATE AND TIME OF LATEST TRANSACTION | |
| control field | 20211209000605.0 |
| 008 - FIXED-LENGTH DATA ELEMENTS--GENERAL INFORMATION | |
| fixed length control field | 140301r19701961enk 000 1 eng d |
| 020 ## - INTERNATIONAL STANDARD BOOK NUMBER | |
| International Standard Book Number | 0460005081 (v.2) |
| 035 ## - SYSTEM CONTROL NUMBER | |
| System control number | BD-RjUL)20685 |
| 040 ## - CATALOGING SOURCE | |
| Original cataloging agency | Enoch Pratt Free Library |
| Transcribing agency | GUA |
| Modifying agency | GUA |
| -- | BD-RjUL |
| Language of cataloging | eng |
| 041 ## - LANGUAGE CODE | |
| Language code of text/sound track or separate title | eng |
| 082 00 - DEWEY DECIMAL CLASSIFICATION NUMBER | |
| Classification number | 823 |
| Author mark and year | THV 1970 |
| 090 ## - LOCALLY ASSIGNED LC-TYPE CALL NUMBER (OCLC); LOCAL CALL NUMBER (OCLC) | |
| Classification number (OCLC) (R) ; Classification number, CALL (RLIN) (NR) | PR5620 |
| Local cutter number (OCLC) ; Book number/undivided call number, CALL (RLIN) | .A1 1911a |
| 100 1# - MAIN ENTRY--PERSONAL NAME | |
| Personal name | Thackeray, William Makepeace, |
| Dates associated with a name | 1811-1863. |
| 9 (RLIN) | 63634 |
| 245 14 - TITLE STATEMENT | |
| Title | The Virginians / |
| Statement of responsibility, etc. | by William Makepeace Thackeray. |
| Number of part/section of a work | Volume 2 |
| 260 ## - PUBLICATION, DISTRIBUTION, ETC. (IMPRINT) | |
| Place of publication, distribution, etc. | London ; |
| Name of publisher, distributor, etc. | J.M. Dent : |
| Place of publication, distribution, etc. | New York : |
| Name of publisher, distributor, etc. | E.P. Dutton ; |
| Date of publication, distribution, etc. | 1961 [Reprinted 1970] |
| 300 ## - PHYSICAL DESCRIPTION | |
| Pagination | viii, 401p. ; |
| Size | 18cm. |
| 490 1# - SERIES STATEMENT | |
| Series statement | Everyman's library. Fiction ; |
| Volume/sequential designation | [no. 507-508] |
| 500 ## - GENERAL NOTE | |
| General note | Sequel to The history of Henry Esmond, Esq. |
| 651 #0 - SUBJECT ADDED ENTRY--GEOGRAPHIC NAME | |
| Geographic name | Great Britain |
| General subdivision | History |
| Chronological subdivision | George II, 1727-1760 |
| General subdivision | Fiction. |
| 9 (RLIN) | 63635 |
| Geographic name | United States |
| General subdivision | History |
| Chronological subdivision | French and Indian War, 1754-1763 |
| Form subdivision | Fiction. |
| 9 (RLIN) | 51518 |
| Geographic name | United States |
| General subdivision | History |
| Chronological subdivision | Revolution, 1775-1783 |
| Form subdivision | Fiction. |
| 9 (RLIN) | 63636 |
| 700 1# - ADDED ENTRY--PERSONAL NAME | |
| Personal name | Ridley, M. R |
| 830 #0 - SERIES ADDED ENTRY--UNIFORM TITLE | |
| Volume number/sequential designation | [no. 507-508] |
| 830 #0 - SERIES ADDED ENTRY--UNIFORM TITLE | |
| Uniform title | Everyman's library. |
| 942 ## - ADDED ENTRY ELEMENTS (KOHA) | |
| Source of classification or shelving scheme | Dewey Decimal Classification |
| Koha item type | Books |
| Lost status | Source of classification or shelving scheme | Damaged status | Not for loan | Collection code | Permanent Location | Current Location | Shelving location | Date acquired | Source of acquisition | Total Checkouts | Full call number | Date last seen | Copy number | Koha item type |
|---|---|---|---|---|---|---|---|---|---|---|---|---|---|---|
| Dewey Decimal Classification | Added to bundle | Fiction | Central Library, University of Rajshahi | Central Library, University of Rajshahi | Reading Room | 04/01/1977 | L. C | 823 THV V-1 1970 | 01/03/2014 | C-1 | Books |